| 000 | 01241nam a22004097a 4500 | ||
|---|---|---|---|
| 003 | OSt | ||
| 005 | 20260408102717.0 | ||
| 007 | ta | ||
| 008 | 260408s2024 ag ||||| |||| 00| 0 spa d | ||
| 020 | _a9789870347019 | ||
| 040 | _ccj catamarca | ||
| 082 | _a343.126.5 R763 | ||
| 100 | 1 | 0 |
_9119 _aRomero Villanueva, Horacio J. |
| 245 | 1 | 0 | _aAlternativas y limites a la detencion provisional |
| 250 | _a1º ed. | ||
| 260 |
_aCABA: _bLa Ley, _c2024 |
||
| 300 |
_a352 p. _c24 cm |
||
| 500 | _aINVENTARIO Nº 8147 | ||
| 650 | 7 | _2SAIJ | |
| 653 | _aDERECHO PROCESAL PENAL | ||
| 653 | _aPRISION PREVENTIVA | ||
| 653 | _aMEDIDAS DE COHERSION | ||
| 653 | _aLIBERTAD-IMPUTADO | ||
| 653 | _aPRIVACION DE LIBERTAD-ALTERNATIVAS | ||
| 653 | _aMEDIDAS DE COHERSION-PERSONAS VULNERABLES | ||
| 653 | _aMUJERES EMBARAZADAS | ||
| 653 | _aNIÑAS, NIÑOS Y ADOLESCENTES-NNA | ||
| 653 | _aDISCAPACITADOS | ||
| 653 | _aTERCERA EDAD | ||
| 653 | _aCAUCIONES | ||
| 653 | _aENTORPECIMIENTO-PELIGRO | ||
| 653 | _aDETENCION PROVISIONAL | ||
| 653 | _aPLAZO RAZONABLE | ||
| 700 | 1 | 0 |
_9309 _aLa Rosa, Mariano R. |
| 856 | _uhttps://trbrasilonline.highq.com/trbrasilonline/opresource.action?res=49j55h56d50e51j56a56&optype=2 | ||
| 942 |
_2ddc _cBK _n0 |
||
| 999 |
_c6524 _d6524 |
||